000 00920nam a2200277Ia 4500
001 Z_4099
003 CHAP
008 220113s2001 xx 000 0 und d
010 _a167163
040 _cCHAP
090 _aTesis G 1584
100 _aGarcía Alcázar, Vicente
_945689
245 _aCrecimiento inicial de tagasaste (Chamaecytisus proliferus (L.F.) Link. Subsp. proliferus var. palmensis (H. christ), con diferente inoculo de rhizobium y fertilización fosfórada /
_cpor Vicente García Alcázar
260 _aChapingo, Méx. :
_bEl autor,
_c2001
300 _a48 h.
502 _aTesis (Ing. Agr. Esp. en Zootecnia) -- UACH. Departamento de Zootecnia
650 _aCytisus proliferus
_930819
650 _aLeguminosas
_xInoculación
_965834
650 _aLeguminosas
_xSemilla
_965851
901 _aTESIS G 1584
902 _aM
910 _a2001
942 _c2
942 _c2
999 _c167163
_d167163